01014nam a2200205Ia 4500001001300000003001000013008004100023040002500064041000700089100003700096240006200133245010000195250001100295260002700306300001900333500036500352650001500717700003700732700003900769b5560-37081 IT-MiCISF161014s9999||||xx |||||||||||||| ||und|| aIT-MiCISFcIT-MiCISF asp aViladrich Pedro-Juan (a cura di) aEl matrimonio y su expresion canonica ante el III milenio 0aEl matrimonio y su expresion canonica ante el III mileniobX congreso internacional de derecho  a1a ed. a PamplonabEunsac2000 app. XXVII-1572 aMiras J., Feliciani G., Millan Puelles A., Yanguas J.M., Banares J.I., Viladrich P.J., Escrivà-Ivers J., D'Agostino F., Scola A., Da Silva Pereira A., Etzi P., Martinez Blanco A., Redondo Andres J., Erdò P., Furst C.G., Durand J.P. / matrimonio-sacramento, diritto-canonico, sessualità, antropologia, cheisa-domestica, nullità, separazione, teologia /  amatrimonio aBanares Juan Ignacio (a cura di) aEscrivà-Ivars Javier (a cura di)